Plus grande somme de numéros de départements frontaliers - Hors IDF - Statistiques

Statistiques générales
  • Ce quiz a été pris 14 fois
  • Le résultat moyen est 8 sur 20
Statistiques - réponses
Somme des
numéros
Départements % Correct
158 Haut-Rhin / Territoire de Belfort
67%
173 Vienne / Haute-Vienne
67%
165 Deux-Sèvres / Vienne
58%
167 Var / Vaucluse
58%
178 Vosges / Territoire de Belfort
58%
147 Haute-Savoie / Savoie
50%
142 Pas-de-Calais / Somme
50%
163 Tarn-et-Garonne / Tarn
50%
164 Vendée / Deux-Sèvres
50%
156 Vosges / Haut-Rhin
50%
139 Nord / Somme
42%
159 Vosges / Haute-Saône
42%
147 Yonne / Nièvre
42%
161 Haute-Saône / Territoire de Belfort
25%
140 Oise / Somme
25%
155 Vosges / Bas-Rhin
25%
140 Haute-Marne / Vosges
17%
142 Meurthe-et-Moselle / Vosges
17%
139 Saône-et-Loire / Rhône
17%
143 Meuse / Vosges
8%
Aucun quiz correspondant
Distribution des résultats
% des personnes avec chaque résultat
Percentile par nombre de réponses
Votre historique - résultats
Vous n’avez pas pris ce quiz